Les 10 villes les plus peuplées du Luxembourg - Statistiques

Statistiques générales
  • Ce quiz a été pris 168 fois
  • Le résultat moyen est 5 sur 10
Statistiques - réponses
Place Nombre d’habitants Ville % Correct
1 119 215 Luxembourg
100%
2 35 400 Esch sur Alzette
80%
4 21 100 Dudelange
60%
3 26 800 Differdange
50%
5 19 154 Pétange
40%
6 11 300 Bettembourg
38%
9 8 926 Ettelbruck
38%
8 9 589 Strassen
26%
10 8 300 Bertrange
19%
7 11 200 Schifflange
14%
Aucun quiz correspondant
Distribution des résultats
% des personnes avec chaque résultat
Percentile par nombre de réponses
Votre historique - résultats
Vous n’avez pas pris ce quiz